[Event "Gibtelecom Masters"]
[Site "Gibraltar"]
[Date "2008.01.26"]
[Round "5.10"]
[White "Butnorius, Algimantas"]
[Black "Efimenko, Zahar"]
[Result "0-1"]
[WhiteElo "2441"]
[BlackElo "2638"]
[PlyCount "64"]
[EventDate "2008.01.22"]

1. d4 Nf6 2. Nf3 g6 3. c4 Bg7 4. g3 d5 5. Bg2 dxc4 6. O-O O-O 7. Na3 c3 8. bxc3
c5 9. Bb2 Nc6 10. e3 Bf5 11. Nc4 Rc8 12. Nfe5 Be4 13. f3 Bd5 14. Nxc6 Bxc6 15.
Ne5 Nd5 16. Re1 cxd4 17. exd4 e6 18. Qb3 Bxe5 19. Rxe5 Nb6 20. Ba3 Re8 21. Bb4
Bd5 22. Qa3 Nc4 23. Qxa7 Ra8 24. Qc5 Nxe5 25. dxe5 Rxa2 26. Rxa2 Bxa2 27. h4
Qd1+ 28. Kh2 Bd5 29. Qe3 Ra8 30. Kh3 Qc2 31. Qg5 h6 32. Qxh6 Bxf3 0-1

[Event "Gibtelecom Masters"]
[Site "Gibraltar"]
[Date "2008.01.26"]
[Round "5.12"]
[White "Berczes, David"]
[Black "Kuzubov, Yuriy"]
[Result "1-0"]
[WhiteElo "2429"]
[BlackElo "2606"]
[PlyCount "51"]
[EventDate "2008.01.22"]

1. d4 d5 2. c4 dxc4 3. Nf3 Nf6 4. e3 e6 5. Bxc4 c5 6. Qe2 Nc6 7. O-O cxd4 8.
exd4 Be7 9. Rd1 O-O 10. Nc3 a6 11. a3 Na5 12. Ba2 Nd5 13. Ne5 Nxc3 14. bxc3 Bf6
15. Rd3 b5 16. Rh3 g6 17. Bh6 Re8 18. Rf3 Ra7 19. Rxf6 Qxf6 20. Ng4 Qh8 21. Bg5
h5 22. Nf6+ Kf8 23. d5 Rae7 24. d6 Rb7 25. Qe3 Bd7 26. Bh6+ 1-0

[Event "Gibtelecom Masters"]
[Site "Gibraltar"]
[Date "2008.01.26"]
[Round "5.15"]
[White "Van Haastert, Edwin"]
[Black "Sandipan, Chanda"]
[Result "0-1"]
[WhiteElo "2416"]
[BlackElo "2593"]
[PlyCount "56"]
[EventDate "2008.01.22"]

1. e4 c5 2. Nf3 e6 3. d4 cxd4 4. Nxd4 Nf6 5. Nc3 d6 6. Be3 a6 7. f3 b5 8. Qd2
Nbd7 9. g4 b4 10. Na4 Nc5 11. Nxc5 dxc5 12. Nb3 Nd7 13. Be2 Qc7 14. O-O c4 15.
Nd4 Bd6 16. Rf2 c3 17. bxc3 bxc3 18. Qe1 g5 19. Bxg5 h5 20. Be3 hxg4 21. f4 Bb7
22. Bxg4 Nf6 23. Bf3 Nxe4 24. Rg2 Bxf4 25. Bxf4 Qxf4 26. Qe2 Ke7 27. Rf1 Rag8
28. Bg4 Qe5 0-1

[Event "Gibtelecom Masters"]
[Site "Gibraltar"]
[Date "2008.01.26"]
[Round "5.17"]
[White "Al-Modiahki, Mohamad"]
[Black "Foisor, Cristina Adela"]
[Result "1/2-1/2"]
[WhiteElo "2569"]
[BlackElo "2412"]
[PlyCount "91"]
[EventDate "2008.01.22"]

1. e4 c6 2. d4 g6 3. Nc3 d5 4. h3 Bg7 5. Nf3 Nf6 6. Bd3 dxe4 7. Nxe4 Nxe4 8.
Bxe4 Nd7 9. O-O O-O 10. Re1 c5 11. c3 cxd4 12. Nxd4 Nc5 13. Bc2 e5 14. Nf3 Qc7
15. Be3 b6 16. Bxc5 Qxc5 17. Qe2 Bb7 18. Rad1 Rad8 19. Be4 Bc8 20. Rxd8 Rxd8
21. Rd1 Bf6 22. Rxd8+ Bxd8 23. Qd1 Bc7 24. Bd5 Qe7 25. Qa4 Kg7 26. h4 h6 27. g3
a5 28. Qc4 Bf5 29. a4 Bd6 30. g4 Bd7 31. g5 h5 32. Nd2 Bf5 33. Ne4 Bxe4 34.
Qxe4 f6 35. gxf6+ Qxf6 36. b4 Qf4 37. Qxf4 exf4 38. bxa5 bxa5 39. Kg2 Be7 40.
Kh3 Kf6 41. c4 Kf5 42. f3 g5 43. hxg5 Kxg5 44. Bf7 Bc5 45. Kg2 h4 46. Be6
1/2-1/2

[Event "Gibtelecom Masters"]
[Site "Gibraltar"]
[Date "2008.01.26"]
[Round "5.18"]
[White "Hebden, Mark L"]
[Black "Aloma Vidal, Robert"]
[Result "1-0"]
[WhiteElo "2530"]
[BlackElo "2393"]
[PlyCount "161"]
[EventDate "2008.01.22"]

1. d4 Nf6 2. Nf3 g6 3. c4 Bg7 4. Nc3 O-O 5. Bg5 d6 6. e3 c5 7. Be2 Nbd7 8. Qc2
a6 9. O-O cxd4 10. Nxd4 Nc5 11. Rfd1 h6 12. Bh4 e5 13. Nb3 Bf5 14. Qc1 Nxb3 15.
axb3 g5 16. Bg3 Qb6 17. Ra3 Rfd8 18. Bf3 e4 19. Be2 Be6 20. Rd4 d5 21. Be5 dxc4
22. bxc4 Qc6 23. Qd2 Re8 24. Rd6 Qc5 25. Bxf6 Bxf6 26. Nxe4 Qe5 27. Nxf6+ Qxf6
28. c5 Rec8 29. Rc3 a5 30. Bf3 Rc7 31. Qd4 Kg7 32. h3 a4 33. Bd5 Qxd4 34. exd4
Bxd5 35. Rxd5 Ra5 36. Re5 Rb5 37. Re2 b6 38. c6 Rd5 39. Re4 f5 40. Re5 Rxd4 41.
Rb5 Kf6 42. Rxb6 Rd1+ 43. Kh2 Rd6 44. Kg3 Re6 45. h4 Rd6 46. hxg5+ hxg5 47. Rc5
Ke6 48. Rbb5 Rd3+ 49. f3 g4 50. Rxf5 gxf3 51. gxf3 Rxc6 52. Rf4 a3 53. bxa3
Rxa3 54. Rh5 Rc1 55. Rh6+ Ke5 56. Rb4 Rg1+ 57. Kf2 Rg7 58. Rb5+ Kd4 59. Rh4+
Kd3 60. Rd5+ Kc3 61. Re5 Ra2+ 62. Re2 Rxe2+ 63. Kxe2 Re7+ 64. Kf2 Kd3 65. Rh1
Re2+ 66. Kg3 Kd4 67. Rh5 Re1 68. Kf4 Rg1 69. Rh7 Kd3 70. Rd7+ Ke2 71. Ke4 Kf2
72. f4 Re1+ 73. Kf5 Kg3 74. Kg5 Kf3 75. f5 Rg1+ 76. Kh6 Kf4 77. f6 Kf5 78. f7
Rg6+ 79. Kh7 Rf6 80. Ra7 Ke6 81. Kg7 1-0

[Event "Gibtelecom Masters"]
[Site "Gibraltar"]
[Date "2008.01.26"]
[Round "5.19"]
[White "Cramling, Pia"]
[Black "Werner, Dimo"]
[Result "1-0"]
[WhiteElo "2524"]
[BlackElo "2293"]
[PlyCount "61"]
[EventDate "2008.01.22"]

1. d4 Nf6 2. Nf3 e6 3. c4 c5 4. d5 b5 5. Bg5 exd5 6. cxd5 d6 7. e3 a6 8. a4
bxa4 9. Nc3 Be7 10. Rxa4 Nbd7 11. Be2 Nb6 12. Ra3 O-O 13. e4 Rb8 14. Bf4 Nbd7
15. Qc2 Rb4 16. O-O Nb6 17. Bc1 Re8 18. Bd3 Bf8 19. Nd2 g6 20. Bxa6 Bxa6 21.
Rxa6 Bg7 22. b3 Nh5 23. Na2 Rd4 24. Bb2 Nf4 25. Bxd4 Ne2+ 26. Kh1 Nxd4 27. Qd3
Qb8 28. b4 Nd7 29. Rb1 Ne5 30. Qf1 cxb4 31. Rxb4 1-0

[Event "Gibtelecom Masters"]
[Site "Gibraltar"]
[Date "2008.01.26"]
[Round "5.20"]
[White "Bellin, Robert"]
[Black "Zhao Xue"]
[Result "1-0"]
[WhiteElo "2385"]
[BlackElo "2517"]
[PlyCount "45"]
[EventDate "2008.01.22"]

1. d4 Nf6 2. Nf3 b5 3. e3 a6 4. Bd3 d5 5. Nbd2 e6 6. O-O c5 7. c3 Nc6 8. Qe2
Bb7 9. b3 Be7 10. Bb2 O-O 11. Rac1 Qb8 12. dxc5 Bxc5 13. c4 dxc4 14. bxc4 b4
15. Ng5 Rd8 16. Nde4 Nxe4 17. Bxe4 h6 18. Nxf7 Kxf7 19. Qh5+ Kg8 20. Qxc5 Rd2
21. Rc2 Rd7 22. Qh5 Nd8 23. Qe8# 1-0

[Event "Gibtelecom Masters"]
[Site "Gibraltar"]
[Date "2008.01.26"]
[Round "5.22"]
[White "Welling, Gerard"]
[Black "Mikhalevski, Victor"]
[Result "0-1"]
[WhiteElo "2371"]
[BlackElo "2632"]
[PlyCount "32"]
[EventDate "2008.01.22"]

1. e4 e5 2. Nc3 Nc6 3. f4 exf4 4. Nf3 g5 5. h4 g4 6. Ng5 h6 7. Nxf7 Kxf7 8.
Bc4+ d5 9. Bxd5+ Kg7 10. d4 Bd6 11. Bxc6 bxc6 12. e5 Bb4 13. Bxf4 Be6 14. Qd3
Ne7 15. O-O-O Bxc3 16. Qxc3 Nd5 0-1

[Event "Gibtelecom Masters"]
[Site "Gibraltar"]
[Date "2008.01.26"]
[Round "5.23"]
[White "Petrosian, Tigran L"]
[Black "Wintzer, Joachim"]
[Result "1-0"]
[WhiteElo "2606"]
[BlackElo "2349"]
[PlyCount "55"]
[EventDate "2008.01.22"]

1. e4 e6 2. d3 d5 3. Nd2 Nf6 4. Ngf3 b6 5. g3 dxe4 6. dxe4 Bc5 7. Bg2 Ba6 8. c4
Qd3 9. b4 Be7 10. Rb1 Bb7 11. Rb3 Qd8 12. Qe2 a5 13. Rd3 Nfd7 14. b5 Qc8 15. e5
Nc5 16. Rd4 Nbd7 17. O-O h6 18. h4 Qb8 19. h5 Qa7 20. Rg4 Rg8 21. Nd4 Bxg2 22.
Kxg2 Qb7+ 23. N2f3 f5 24. exf6 Nxf6 25. Nc6 Nxg4 26. Nfd4 Nf6 27. Nxe6 Kf7 28.
Ng5+ 1-0

[Event "Gibtelecom Masters"]
[Site "Gibraltar"]
[Date "2008.01.26"]
[Round "5.24"]
[White "Sulskis, Sarunas"]
[Black "Astaneh Lopez, Alex"]
[Result "1-0"]
[WhiteElo "2553"]
[BlackElo "2346"]
[PlyCount "40"]
[EventDate "2008.01.22"]

1. e4 c5 2. Nf3 d6 3. d4 cxd4 4. Nxd4 Nf6 5. Nc3 a6 6. Be3 e6 7. f3 b5 8. g4
Bb7 9. Qd2 Be7 10. O-O-O b4 11. Nce2 d5 12. g5 Nfd7 13. exd5 Bxd5 14. Nf5 Bxf3
15. Nxg7+ Kf8 16. Nd4 Bd5 17. Bg2 Qa5 18. Bxd5 Qxd5 19. Ndxe6+ Qxe6 20. Nxe6+
fxe6 1-0

[Event "Gibtelecom Masters"]
[Site "Gibraltar"]
[Date "2008.01.26"]
[Round "5.26"]
[White "Ly, Moulthun"]
[Black "Felgaer, Ruben"]
[Result "0-1"]
[WhiteElo "2319"]
[BlackElo "2539"]
[PlyCount "134"]
[EventDate "2008.01.22"]

1. e4 c5 2. Nf3 Nc6 3. d4 cxd4 4. Nxd4 g6 5. Nc3 Bg7 6. Be3 Nf6 7. Bc4 O-O 8.
Bb3 d6 9. h3 Na5 10. O-O b6 11. f4 Bb7 12. Qd3 Rc8 13. e5 dxe5 14. fxe5 Nd5 15.
Nxd5 Bxd5 16. e6 f5 17. Rad1 Nc4 18. Qe2 Qd6 19. Bf2 a6 20. c3 b5 21. Rfe1 Rfd8
22. Nc2 Qf4 23. Bd4 Nxb2 24. Bxg7 Nxd1 25. Be5 Nxc3 26. Bxf4 Nxe2+ 27. Rxe2 Bc4
28. Bxc4 Rxc4 29. Bg5 Kf8 30. Kf2 Rd6 31. g3 Re4 32. Rxe4 fxe4 33. Ke3 Rxe6 34.
Nd4 Rb6 35. Kxe4 Kf7 36. Be3 Rf6 37. Bf4 Ke8 38. h4 Kd7 39. Nf3 Rf8 40. Ng5 h5
41. Nf3 Rg8 42. Bd2 Ke6 43. Nd4+ Kf7 44. a3 Rc8 45. Bb4 Kf6 46. Bd2 e5 47. Bg5+
Kf7 48. Kxe5 Rc3 49. Bf4 Rxa3 50. Nc6 a5 51. Kd4 b4 52. Ne5+ Kf6 53. Nc4 Ra2
54. Ne3 b3 55. Kd3 a4 56. Nc4 Kf5 57. Bd6 Kg4 58. Nd2 Ra1 59. Be5 Re1 60. Bd6
Re6 61. Bf4 Rc6 62. Be5 Rc5 63. Bf6 Rf5 64. Be7 Kxg3 65. Ne4+ Kg4 66. Nc3 Rf7
67. Bg5 a3 0-1

[Event "Gibtelecom Masters"]
[Site "Gibraltar"]
[Date "2008.01.26"]
[Round "5.27"]
[White "Langer, Michael"]
[Black "Hillarp Persson, Tiger"]
[Result "1/2-1/2"]
[WhiteElo "2314"]
[BlackElo "2535"]
[PlyCount "102"]
[EventDate "2008.01.22"]

1. e4 c5 2. Nf3 e6 3. d3 Nc6 4. g3 g6 5. Bg2 Bg7 6. O-O Nge7 7. c3 O-O 8. Re1
e5 9. Nbd2 d6 10. a4 h6 11. Nc4 Be6 12. Nh4 g5 13. Nf3 Ng6 14. Ne3 Qd7 15. b3
Nce7 16. d4 exd4 17. cxd4 g4 18. Ne5 Nxe5 19. dxe5 dxe5 20. Qxd7 Bxd7 21. Ba3
Rfc8 22. Bf1 Be6 23. Bc4 Bxc4 24. bxc4 h5 25. Rab1 b6 26. a5 Bh6 27. axb6 axb6
28. Rxb6 Bxe3 29. Rxe3 Nc6 30. Bxc5 Ra1+ 31. Kg2 Na5 32. Rb5 Nxc4 33. Rc3 Ra4
34. Rb4 Rxb4 35. Bxb4 Kg7 36. h3 Kg6 37. hxg4 hxg4 38. f4 gxf3+ 39. Kxf3 Nd2+
40. Ke3 Nf1+ 41. Kf2 Rxc3 42. Bxc3 Nh2 43. Kg2 Ng4 44. Kf3 Kg5 45. Bd2+ Kh5 46.
Bc3 f6 47. Bd2 Nh6 48. Bxh6 Kxh6 49. Kg4 Kg6 50. Kf3 Kg5 51. Kf2 Kg4 1/2-1/2

[Event "Gibtelecom Masters"]
[Site "Gibraltar"]
[Date "2008.01.26"]
[Round "5.28"]
[White "Vonthron, Horst"]
[Black "Gopal, G.N."]
[Result "0-1"]
[WhiteElo "2308"]
[BlackElo "2528"]
[PlyCount "92"]
[EventDate "2008.01.22"]

1. e4 c5 2. Nf3 d6 3. d4 cxd4 4. Nxd4 Nf6 5. Nc3 a6 6. Bc4 e6 7. Bb3 b5 8. f4
Bb7 9. O-O Be7 10. e5 dxe5 11. fxe5 Bc5 12. Be3 Nc6 13. exf6 Bxd4 14. Bxd4
Qxd4+ 15. Qxd4 Nxd4 16. Rf4 Nxb3 17. fxg7 Rg8 18. axb3 Rxg7 19. Ne4 Ke7 20. g3
Rc8 21. c3 f5 22. Nf2 Rd8 23. Rd1 Rxd1+ 24. Nxd1 Be4 25. Nf2 Bc2 26. b4 e5 27.
Rf3 Kf6 28. Kf1 h5 29. Re3 h4 30. Ke1 hxg3 31. hxg3 Rh7 32. Re2 Bb3 33. Rd2 e4
34. Rd8 Rg7 35. Rf8+ Bf7 36. Ra8 Rxg3 37. Rxa6+ Ke5 38. Rb6 e3 39. Rxb5+ Kf4
40. Nd3+ Ke4 41. Nf2+ exf2+ 42. Kxf2 Rd3 43. Rb7 Bh5 44. Re7+ Kf4 45. b5 Rd2+
46. Kg1 Rxb2 0-1

[Event "Gibtelecom Masters"]
[Site "Gibraltar"]
[Date "2008.01.26"]
[Round "5.30"]
[White "Thomassen, Joachim"]
[Black "Leon Hoyos, Manuel"]
[Result "0-1"]
[WhiteElo "2308"]
[BlackElo "2495"]
[PlyCount "82"]
[EventDate "2008.01.22"]

1. e4 c5 2. Nf3 a6 3. c4 d6 4. d4 Bg4 5. d5 Nf6 6. Nc3 g6 7. Be2 Bg7 8. O-O O-O
9. a4 e6 10. dxe6 Bxe6 11. Bf4 Qa5 12. Qc2 Nc6 13. h3 Rfd8 14. Rfd1 Qb6 15.
Rab1 Rac8 16. b3 Nd4 17. Qd3 Nd7 18. Nd5 Bxd5 19. exd5 Re8 20. Re1 Ne5 21. Bxe5
dxe5 22. Nxd4 e4 23. Qd2 Bxd4 24. Bd1 Qf6 25. Re2 e3 26. Rxe3 Bxe3 27. fxe3 Qe5
28. Bf3 Qxe3+ 29. Qxe3 Rxe3 30. b4 Rc3 31. bxc5 Rxc4 32. c6 bxc6 33. dxc6 Rxa4
34. Rb7 Rc4 35. Ra7 R4xc6 36. Bxc6 Rxc6 37. Kh2 Kg7 38. Ra8 h5 39. Ra7 Kf6 40.
Ra8 Kf5 41. Ra7 f6 0-1

[Event "Gibtelecom Masters"]
[Site "Gibraltar"]
[Date "2008.01.26"]
[Round "5.31"]
[White "Rasch, Holger"]
[Black "Al Sayed, Mohamad N"]
[Result "1/2-1/2"]
[WhiteElo "2263"]
[BlackElo "2486"]
[PlyCount "152"]
[EventDate "2008.01.22"]

1. e4 c6 2. d4 d5 3. e5 Bf5 4. Nc3 e6 5. g4 Bg6 6. Nge2 c5 7. h4 f6 8. Nf4 Bf7
9. exf6 cxd4 10. Qxd4 Nxf6 11. g5 Nc6 12. Bb5 Nd7 13. Bxc6 bxc6 14. Nd3 Qb6 15.
Qg4 Bd6 16. Bf4 Bxf4 17. Qxf4 O-O 18. Qd6 Rad8 19. O-O-O c5 20. Qxb6 axb6 21.
h5 e5 22. Rh4 Be6 23. Re1 e4 24. Nf4 Rde8 25. Nxe6 Rxe6 26. Nxd5 Re5 27. c4
Rxg5 28. Rhxe4 Rxf2 29. Re8+ Nf8 30. R1e2 Rf1+ 31. Kc2 Rxh5 32. Nxb6 g5 33.
R8e5 Kf7 34. Rxc5 Ne6 35. Rd5 Nf4 36. Rd7+ Kg6 37. Re5 Rh2+ 38. Kb3 Rf3+ 39.
Ka4 Rxb2 40. Rd6+ Kh5 41. Re7 h6 42. Rh7 Kg4 43. Rhxh6 Nd3 44. Nd7 Kg3 45. Rhg6
g4 46. Rxg4+ Kxg4 47. Rxd3 Rf4 48. Rc3 Rd4 49. Ka3 Rdd2 50. Nf6+ Kf5 51. Nd5
Rxa2+ 52. Kb4 Ke5 53. Rh3 Rdb2+ 54. Kc5 Ra5+ 55. Kc6 Ra6+ 56. Kc5 Ra5+ 57. Kc6
Re2 58. Rh5+ Kd4 59. Rh4+ Re4 60. Rxe4+ Kxe4 61. Nb6 Kd4 62. Kd6 Rc5 63. Kd7
Rg5 64. Kc6 Rh5 65. Kd6 Rh6+ 66. Kc7 Kc5 67. Nd7+ Kxc4 68. Nb6+ Kb5 69. Nd7 Rg6
70. Ne5 Re6 71. Nd7 Rc6+ 72. Kd8 Rd6 73. Kc7 Re6 74. Nb8 Kc5 75. Nd7+ Kd5 76.
Nb6+ Kc5 1/2-1/2

[Event "Gibtelecom Masters"]
[Site "Gibraltar"]
[Date "2008.01.26"]
[Round "5.35"]
[White "Wippermann, Till"]
[Black "Spence, David J"]
[Result "1-0"]
[WhiteElo "2435"]
[BlackElo "2198"]
[PlyCount "119"]
[EventDate "2008.01.22"]

1. e4 Nc6 2. Nf3 Nf6 3. e5 Ng4 4. d4 d6 5. h3 Nh6 6. Nc3 g6 7. exd6 cxd6 8. d5
Ne5 9. Nd4 a6 10. Be3 Qc7 11. Qd2 Ng8 12. f4 Nd7 13. g4 Bg7 14. Bg2 Nb6 15. b3
Nf6 16. g5 Nh5 17. Nce2 O-O 18. O-O-O e5 19. dxe6 fxe6 20. Nxe6 Bxe6 21. Qxd6
Qxd6 22. Rxd6 Nc4 23. Rxe6 Nxe3 24. Rxe3 Nxf4 25. Nxf4 Rxf4 26. Bxb7 Ra7 27.
Bd5+ Kh8 28. h4 Rd7 29. c4 Rf2 30. h5 gxh5 31. Rxh5 Bf8 32. a4 Kg7 33. Reh3
Ba3+ 34. Kd1 Rd8 35. Rxh7+ Kg6 36. R3h6+ Kxg5 37. Rxa6 Rdf8 38. Rg7+ Kh5 39.
Re6 Rb2 40. Rh7+ Kg5 41. Rg7+ Kh5 42. Re5+ Kh6 43. Rf7 Rxf7 44. Bxf7 Rxb3 45.
a5 Rb7 46. Bd5 Rc7 47. Kc2 Kg7 48. Kb3 Bc5 49. Rf5 Bd4 50. Kb4 Kg6 51. Rf4 Be5
52. Rf3 Bd4 53. Rf4 Bc5+ 54. Kb5 Ba7 55. Bc6 Be3 56. Re4 Ba7 57. c5 Kf6 58. Re8
Kf7 59. Ra8 Ke7 60. Rxa7 1-0

[Event "Gibtelecom Masters"]
[Site "Gibraltar"]
[Date "2008.01.26"]
[Round "5.36"]
[White "Kozlov, Oleg"]
[Black "Dzagnidze, Nana"]
[Result "0-1"]
[WhiteElo "2144"]
[BlackElo "2429"]
[PlyCount "70"]
[EventDate "2008.01.22"]

1. Nf3 Nf6 2. g3 d5 3. d4 c5 4. Bg2 Nc6 5. O-O Bg4 6. Ne5 cxd4 7. Nxg4 Nxg4 8.
c3 h5 9. cxd4 e6 10. Nc3 Be7 11. e4 dxe4 12. d5 exd5 13. Qxd5 e3 14. Bxe3 Nxe3
15. fxe3 Qxd5 16. Bxd5 Nd8 17. Nb5 Rc8 18. Nxa7 Rc5 19. Bb3 h4 20. g4 h3 21.
Rad1 Rh4 22. Rf4 Rg5 23. Rdd4 Ne6 24. Bxe6 fxe6 25. Rde4 Bd6 26. Rf3 Bb8 27.
Nc8 Rhxg4+ 28. Rxg4 Rxg4+ 29. Kf1 Rc4 30. Nb6 Rc1+ 31. Ke2 Rc2+ 32. Kd3 Rxh2
33. Nc4 Rh1 34. Nd2 h2 35. Nf1 Rg1 0-1

[Event "Gibtelecom Masters"]
[Site "Gibraltar"]
[Date "2008.01.26"]
[Round "5.38"]
[White "Danielmeier, Ralf"]
[Black "Jakobsen, Ole"]
[Result "1/2-1/2"]
[WhiteElo "2112"]
[BlackElo "2372"]
[PlyCount "82"]
[EventDate "2008.01.22"]

1. e4 c5 2. Nc3 e6 3. g3 d5 4. exd5 exd5 5. d4 cxd4 6. Qxd4 Nf6 7. Bg5 Be7 8.
Bb5+ Nc6 9. Bxf6 Bxf6 10. Qc5 Bxc3+ 11. bxc3 Qe7+ 12. Qxe7+ Kxe7 13. O-O-O Be6
14. Ne2 Rhd8 15. Rhe1 Rd6 16. Nf4 Rad8 17. h4 h6 18. Bxc6 bxc6 19. Rd4 c5 20.
Ra4 a6 21. Ra5 Rc6 22. Kd2 Kd6 23. Nxe6 fxe6 24. Rb1 Kc7 25. Ra4 e5 26. Rg4 Rd7
27. c4 Rf6 28. cxd5 Rxf2+ 29. Kc3 Rdf7 30. Rd1 Kd6 31. Rd3 h5 32. Ra4 Ra7 33.
g4 g6 34. gxh5 gxh5 35. Rg3 Kxd5 36. Kd3 Rf6 37. c4+ Ke6 38. Rg5 Rf3+ 39. Ke2
Rf5 40. Rg6+ Rf6 41. Rg5 Rf5 1/2-1/2

[Event "Gibtelecom Masters"]
[Site "Gibraltar"]
[Date "2008.01.26"]
[Round "5.40"]
[White "Arakhamia-Grant, Ketevan"]
[Black "Makka, Ioulia"]
[Result "1-0"]
[WhiteElo "2457"]
[BlackElo "2186"]
[PlyCount "105"]
[EventDate "2008.01.22"]

1. e4 e6 2. d4 d5 3. Nc3 Nc6 4. Nf3 Nf6 5. Bg5 Be7 6. e5 Ne4 7. Bxe7 Qxe7 8.
Bd3 Nxc3 9. bxc3 Na5 10. O-O Bd7 11. Qb1 c5 12. dxc5 Qxc5 13. Qb4 Rc8 14. Qg4
g6 15. h4 h6 16. Rab1 Qe7 17. Qd4 b6 18. Rfe1 Rc5 19. Bf1 O-O 20. h5 gxh5 21.
Qf4 Kg7 22. Qg3+ Kh8 23. Qh3 h4 24. Nxh4 Qg5 25. Re3 Rg8 26. Nf3 Qg7 27. Nd4
Nc4 28. Rg3 Qf8 29. Rxg8+ Kxg8 30. Re1 Qg7 31. f4 Kf8 32. Bxc4 Rxc4 33. Re3 Ke8
34. Rg3 Qh7 35. Qh4 Qh8 36. Rh3 Ba4 37. Qh5 Ke7 38. Re3 Bd7 39. g4 Qg7 40. Kf2
Kd8 41. Qh4+ Ke8 42. Rh3 Ra4 43. Qxh6 Qxh6 44. Rxh6 Rxa2 45. f5 exf5 46. gxf5
Ba4 47. Rh8+ Kd7 48. Rh7 Ke8 49. Ke3 Bxc2 50. Nb5 a5 51. Nd6+ Kd8 52. Rxf7 Bd1
53. e6 1-0

[Event "Gibtelecom Masters"]
[Site "Gibraltar"]
[Date "2008.01.26"]
[Round "5.42"]
[White "Erdelyi, Tamas"]
[Black "Dimitrov, Pavel"]
[Result "0-1"]
[WhiteElo "2186"]
[BlackElo "2448"]
[PlyCount "88"]
[EventDate "2008.01.22"]

1. Nf3 d5 2. c4 c6 3. Qa4 Nd7 4. cxd5 cxd5 5. Nc3 Ngf6 6. d4 Qb6 7. Qb3 e6 8.
Bf4 a6 9. e3 Bb4 10. Bd3 Nh5 11. Bg3 Nxg3 12. hxg3 h6 13. O-O O-O 14. Rfc1 Bd6
15. Qxb6 Nxb6 16. a4 Bd7 17. a5 Nc8 18. Ne5 Be8 19. Bc2 Ne7 20. Na4 Bxe5 21.
dxe5 Bb5 22. Nb6 Rad8 23. Rd1 Nc6 24. f4 d4 25. Kf2 Nb4 26. Be4 dxe3+ 27. Kxe3
Bc6 28. Nc4 Bxe4 29. Kxe4 Rc8 30. Rdc1 f5+ 31. exf6 gxf6 32. b3 Rfd8 33. Nb6
f5+ 34. Kf3 Rd3+ 35. Kf2 Rcd8 36. Rc8 Rxc8 37. Nxc8 Rxb3 38. Nb6 Nd3+ 39. Ke2
Nc5 40. Rd1 Rxg3 41. Rd8+ Kf7 42. Nc4 Rxg2+ 43. Kd1 Rf2 44. Rc8 Nd3 0-1

[Event "Gibtelecom Masters"]
[Site "Gibraltar"]
[Date "2008.01.26"]
[Round "5.43"]
[White "Tate, Alan"]
[Black "Bradford, Joseph M"]
[Result "0-1"]
[WhiteElo "2163"]
[BlackElo "2419"]
[PlyCount "52"]
[EventDate "2008.01.22"]

1. e4 e6 2. d4 d5 3. Nd2 Nf6 4. e5 Nfd7 5. Bd3 c5 6. c3 Nc6 7. Ngf3 Be7 8. O-O
a5 9. Re1 a4 10. Nf1 cxd4 11. cxd4 Nb6 12. Ng3 Bd7 13. Nh5 g6 14. Nf6+ Bxf6 15.
exf6 Qxf6 16. Bg5 Qg7 17. Qd2 f6 18. Bf4 Qe7 19. Bc7 Nc8 20. h4 O-O 21. Qf4 Be8
22. Qg3 e5 23. Bxe5 fxe5 24. Nxe5 Qg7 25. h5 gxh5 26. Qh3 N8e7 0-1

[Event "Gibtelecom Masters"]
[Site "Gibraltar"]
[Date "2008.01.26"]
[Round "5.44"]
[White "Vinas Guerrero, Carlos A"]
[Black "Houska, Jovanka"]
[Result "0-1"]
[WhiteElo "2129"]
[BlackElo "2393"]
[PlyCount "48"]
[EventDate "2008.01.22"]

1. e4 c6 2. d4 d5 3. Nc3 dxe4 4. Nxe4 Bf5 5. Ng3 Bg6 6. h4 h6 7. Nh3 e6 8. Nf4
Bh7 9. Bc4 Nf6 10. Qe2 Bd6 11. c3 O-O 12. Be3 Nbd7 13. Rd1 Re8 14. Ngh5 Qe7 15.
Rh3 Bf5 16. Rg3 Nxh5 17. Qxh5 Qf6 18. Qf3 Qxh4 19. Bd3 Nf6 20. Bxf5 exf5 21.
Kf1 Ng4 22. Kg1 Nxe3 23. fxe3 Rxe3 24. Rxg7+ Kxg7 0-1

[Event "Gibtelecom Masters"]
[Site "Gibraltar"]
[Date "2008.01.26"]
[Round "5.45"]
[White "Wang Yu A"]
[Black "Lazarus, Ben"]
[Result "1-0"]
[WhiteElo "2391"]
[BlackElo "2143"]
[PlyCount "111"]
[EventDate "2008.01.22"]

1. e4 e6 2. d4 d5 3. Nd2 c5 4. exd5 Qxd5 5. Ngf3 cxd4 6. Bc4 Qd6 7. O-O Nf6 8.
Nb3 Nc6 9. Nbxd4 Nxd4 10. Nxd4 a6 11. Bb3 Qc7 12. Qf3 Bd6 13. h3 O-O 14. Bg5 b5
15. Bxf6 gxf6 16. Qxf6 Be5 17. Qh4 Kh8 18. Rad1 Rg8 19. f4 Bb7 20. Rf2 Bd6 21.
Qf6+ Rg7 22. Nf5 exf5 23. Qxd6 Qxd6 24. Rxd6 Be4 25. Bd5 Ra7 26. Re2 Rc7 27.
Bxe4 fxe4 28. Rxa6 f5 29. Ra8+ Rg8 30. Rxg8+ Kxg8 31. g4 Kf7 32. Kf2 Kf6 33.
Ke3 Rg7 34. Rd2 fxg4 35. hxg4 Rxg4 36. Kxe4 Rg1 37. Rd6+ Kg7 38. Rb6 Re1+ 39.
Kf5 Rh1 40. Rb7+ Kh6 41. Kf6 Ra1 42. a3 Rc1 43. c3 Rd1 44. Rxb5 Rd7 45. Ke6 Rc7
46. f5 Ra7 47. Rb8 Ra6+ 48. Ke5 Ra5+ 49. Kf4 Ra4+ 50. Rb4 Ra6 51. c4 Kh5 52. c5
Rf6 53. Ke5 Rf8 54. Rb7 h6 55. c6 Kg4 56. Rg7+ 1-0

[Event "Gibtelecom Masters"]
[Site "Gibraltar"]
[Date "2008.01.26"]
[Round "5.46"]
[White "Kvisla, Johannes Luangtep"]
[Black "Foisor, Sabina-Francesca"]
[Result "0-1"]
[WhiteElo "2130"]
[BlackElo "2386"]
[PlyCount "142"]
[EventDate "2008.01.22"]

1. d4 d5 2. Nf3 Nf6 3. c4 c6 4. Nc3 a6 5. Qb3 dxc4 6. Qxc4 b5 7. Qb3 e6 8. Bg5
Nbd7 9. g3 Bb7 10. Bg2 c5 11. O-O cxd4 12. Nxd4 Bxg2 13. Kxg2 Nc5 14. Qd1 b4
15. Bxf6 gxf6 16. Na4 Qd5+ 17. Kg1 Rd8 18. Nxc5 Bxc5 19. Qa4+ Qd7 20. Qxd7+
Rxd7 21. Nb3 Bd6 22. Rac1 Ke7 23. Rc6 Ra8 24. Na5 Bc7 25. Nc4 a5 26. Rc1 Ra7
27. e3 Rd5 28. Kf1 Kd7 29. e4 Kxc6 30. exd5+ Kxd5 31. b3 f5 32. Rd1+ Kc6 33.
Rd4 f6 34. f4 Ra8 35. Ke2 h5 36. Rd1 Rg8 37. Rc1 Kd7 38. Rd1+ Ke7 39. Rc1 Ra8
40. Rc2 h4 41. Kf3 Rd8 42. Ke2 Kf7 43. Ne3 Rd7 44. Ng2 hxg3 45. hxg3 Bb6 46.
Rc6 Bd4 47. Ne1 e5 48. Nf3 e4 49. Nxd4 Rxd4 50. Rc5 a4 51. bxa4 Rd3 52. Rxf5
Rxg3 53. Rb5 Kg6 54. Rxb4 Kf5 55. Rb3 Rg2+ 56. Ke3 Rxa2 57. Rb5+ Kg4 58. Kxe4
Rxa4+ 59. Ke3 Rxf4 60. Ke2 Kg3 61. Rb1 Kg2 62. Ke3 Rf3+ 63. Ke4 f5+ 64. Ke5 f4
65. Ke4 Rf2 66. Rb8 Rf3 67. Rb1 Rf2 68. Rb8 f3 69. Rg8+ Kf1 70. Ke3 Rg2 71. Ra8
Rg3 0-1

[Event "Gibtelecom Masters"]
[Site "Gibraltar"]
[Date "2008.01.26"]
[Round "5.47"]
[White "Ocana Roca, Juan Jesus"]
[Black "Goldsztejn, Gildas"]
[Result "0-1"]
[WhiteElo "2127"]
[BlackElo "2380"]
[PlyCount "78"]
[EventDate "2008.01.22"]

1. e4 e5 2. Nf3 Nc6 3. Bb5 a6 4. Ba4 Nf6 5. O-O b5 6. Bb3 Bc5 7. c3 d6 8. d4
Bb6 9. h3 h6 10. Be3 O-O 11. Nbd2 Bb7 12. Bc2 Re8 13. d5 Ne7 14. Bxb6 cxb6 15.
Re1 Ng6 16. g3 Nh7 17. h4 Bc8 18. Bd3 Ne7 19. a4 bxa4 20. Rxa4 a5 21. Bb5 Rf8
22. b4 f5 23. bxa5 bxa5 24. Nc4 Nf6 25. Nfxe5 Nxe4 26. Nc6 Nxc6 27. Bxc6 Nxc3
28. Qa1 Nxa4 29. Bxa8 Nc5 30. Nxa5 Ba6 31. Bc6 f4 32. Nb3 fxg3 33. fxg3 Qb6 34.
Nxc5 Qxc5+ 35. Kh1 Qf2 36. Qxa6 Qxe1+ 37. Kh2 Rf2+ 38. Kh3 Qh1+ 39. Kg4 Qf3+
0-1